000 00678nam a2200253Ia 4500
003 OSt
005 20220918193309.0
006 a|||||r|||| 00| 0
007 ta
008 220917b |||||||| |||| 00| 0 eng d
024 _a72,517
037 _cTextual
040 _aARTS
_cARTS
_beng
041 _2eng
_aeng
082 _aR492, M5
100 _aWeinsheimer Joel C
_981418
245 0 _aGaddmers hermeneutics
_b a reading of truth and method
260 _aNew Haven
_bYale Univ Press
_c1985
300 _axiii,278p.
_ccm.
500 _aBib 261-72p
650 _aETHICS
942 _hR492, M5
_cTEXL
_2CC
999 _c198505
_d198505